000 00557nam a2200229Ia 4500
003 OSt
005 20220924135140.0
006 a|||||r|||| 00| 0
007 ta
008 220923b |||||||| |||| 00| 0 ben d
024 _a288694
037 _cTextual
040 _aARTS
_cARTS
_bben
041 _2ben
_aben
082 _aNTxN21:g, 157M0
100 _aDutta
245 0 _aSisirkumarer natyacharcha
260 _c1980
700 _a Sil
_9209786
942 _hNTxN21:g, 157M0
_cTEXL
_2CC
999 _c439777
_d439777